Alle Kampf-Pokemon - Statistiken

Allgemein
  • Dieses Quiz wurde 308 mal gespielt
    38 seit der letzten Aktualisierung
  • Das Durchschnittsergebnis liegt bei 61 aus 75
Antwortstatistiken
Pokedex-Nummer Pokemon 2. Typ % Korrekt
499 Ferkokel Feuer
100%
500 Flambirex Feuer
100%
453 Glibunkel Gift
100%
256 Jungglut Feuer
100%
237 Kapoera
100%
106 Kicklee
100%
257 Lohgock Feuer
100%
448 Lucario Stahl
100%
066 Machollo
100%
068 Machomei
100%
067 Maschock
100%
308 Meditalis Psycho
100%
307 Meditie Psycho
100%
056 Menki
100%
107 Nockchan
100%
392 Panferno Feuer
100%
391 Panpyro Feuer
100%
236 Rabauz
100%
057 Rasaff
100%
447 Riolu
100%
214 Skaraborn Käfer
100%
454 Toxiquak Gift
100%
297 Hariyama
95%
286 Kapilz Pflanze
95%
296 Makuhita
95%
062 Quappo Wasser
95%
475 Galagladi Psycho
89%
538 Jiutesto
89%
539 Karadonis
89%
674 Pam-Pam
89%
652 Brigaron Pflanze
84%
560 Irokex Unlicht
84%
647 Keldeo Wasser
84%
638 Kobalium Stahl
84%
619 Lin-Fu
84%
534 Meistagrif
84%
675 Pandagro Unlicht
84%
532 Praktibalk
84%
533 Strepoli
84%
639 Terrakium Gestein
84%
640 Viridium Pflanze
84%
620 Wie-Shu
84%
559 Zurrokex Unlicht
84%
784 Grandiras Drache
79%
739 Krabbox
79%
740 Krawell Eis
79%
892 Wulaosu Unlicht/Wasser
79%
979 Epitaff Geist
74%
794 Masskito Käfer
74%
783 Mediras Drache
74%
648 Meloetta Normal
74%
766 Quartermak
74%
701 Resladero Flug
74%
795 Schabelle Käfer
74%
128 Tauros
74%
891 Dakuma
68%
760 Kosturso Normal
68%
802 Marshadow Geist
68%
923 Pamomamo Elektro
68%
759 Velursi Normal
68%
889 Zamazenta Stahl
68%
914 Bailonda Wasser
63%
992 Eisenhand Elektro
63%
1006 Eisenkrieger Fee
63%
922 Pamamo Elektro
63%
853 Kaocto
58%
1007 Koraidon Drache
58%
988 Kriechflügel Käfer
58%
1014 Boninu Gift
53%
852 Klopptopus
53%
855 Lauchzelot
47%
870 Legios
47%
984 Riesenzahn Boden
47%
903 Snieboss Gift
47%
973 Flaminkno Flug
42%
Keine übereinstimmenden Quizze gefunden
Verteilung der Resultate
Anzahl Personen mit jedem Resultat
Perzentil nach korrekt beantworteten Fragen
Ihre Resultats-Entwicklung
Sie haben dieses Quiz seit der letzten Aktualisierung nicht gespielt